[Event "Hastings Masters 2011-12"]
[Site "Hastings ENG"]
[Date "2012.01.02"]
[Round "6.34"]
[White "Burnett, Jim"]
[Black "Olson, Hamish"]
[Result "1-0"]
[WhiteElo "2137"]
[BlackElo "1965"]
[PlyCount "99"]
[EventDate "2011.12.28"]

1. d4 Nf6 2. c4 g6 3. g3 Bg7 4. Bg2 O-O 5. Nc3 d6 6. Nf3 Nbd7 7. O-O e5 8. e4
c6 9. h3 Qa5 10. Re1 exd4 11. Nxd4 Re8 12. Qc2 d5 13. Nb3 Qd8 14. cxd5 Nxd5 15.
Nxd5 cxd5 16. Be3 dxe4 17. Bxe4 Nf6 18. Rad1 Qe7 19. Bg2 Bf5 20. Qc5 Be4 21.
Qxe7 Rxe7 22. Bd4 Rae8 23. Bxa7 Bxg2 24. Rxe7 Rxe7 25. Kxg2 Ne8 26. Rd2 f5 27.
Bd4 Bxd4 28. Nxd4 Nf6 29. Rc2 Ne4 30. h4 Rd7 31. Nb5 Kf8 32. Kf3 Rd5 33. Rc8+
Ke7 34. Nc3 Nxc3 35. Rxc3 Rb5 36. b3 Kf6 37. a3 Rb6 38. b4 Ra6 39. Ke3 Ke5 40.
Kd3 h5 41. Kc4 f4 42. Kb3 fxg3 43. Rxg3 Rf6 44. a4 b6 45. a5 bxa5 46. bxa5 Rxf2
47. Kb4 Kd6 48. a6 Ra2 49. Rc3 Ra1 50. Rb3 1-0

[Event "Hastings Masters 2011-12"]
[Site "Hastings ENG"]
[Date "2012.01.02"]
[Round "6.35"]
[White "Krishna, C.R.G."]
[Black "Green, Andrew D"]
[Result "1-0"]
[WhiteElo "2305"]
[BlackElo "2145"]
[PlyCount "61"]
[EventDate "2011.12.28"]

1. d4 c5 2. d5 g6 3. g3 Bg7 4. Bg2 d6 5. Nc3 Nf6 6. e4 O-O 7. Nge2 a6 8. a4 e6
9. dxe6 fxe6 10. e5 Ng4 11. Qxd6 Qxd6 12. exd6 Rxf2 13. Rg1 Rf8 14. h3 Ne5 15.
Be3 Nbd7 16. O-O-O Rb8 17. b3 b5 18. axb5 axb5 19. Ne4 c4 20. Nd4 Re8 21. Ng5
Nf8 22. Bf4 Bd7 23. Rge1 Nd3+ 24. cxd3 Bxd4 25. dxc4 e5 26. Rxd4 exd4 27. Bd5+
Kg7 28. Re7+ Kh6 29. Nf7+ Kh5 30. Bf3+ Bg4 31. Bxg4# 1-0

[Event "Hastings Masters 2011-12"]
[Site "Hastings ENG"]
[Date "2012.01.02"]
[Round "6.36"]
[White "Barton, R Alan"]
[Black "Rudd, Jack"]
[Result "0-1"]
[WhiteElo "2073"]
[BlackElo "2290"]
[PlyCount "76"]
[EventDate "2011.12.28"]

1. d4 Nf6 2. Nf3 c5 3. c3 d5 4. Bf4 Nc6 5. e3 Bf5 6. Nbd2 e6 7. Bb5 Qb6 8.
Bxc6+ bxc6 9. O-O Qxb2 10. Ne5 Qb5 11. a4 Qa6 12. a5 Nd7 13. g4 Bg6 14. Nxg6
hxg6 15. Qc2 g5 16. Bxg5 Qe2 17. Qd1 Qd3 18. Bf4 Qxc3 19. Nf3 c4 20. Qa4 Rc8
21. Rab1 f6 22. Bg3 Qd3 23. Qd1 Qh7 24. h4 Qg6 25. Ne1 Qe4 26. Rb7 g5 27. h5 f5
28. gxf5 exf5 29. Qf3 Qe6 30. Ng2 Qf7 31. Rfb1 g4 32. Qf4 Rxh5 33. Rb8 Nxb8 34.
Rxb8 Qe6 35. Rxc8+ Qxc8 36. Qe5+ Kf7 37. Bh4 Rh6 38. Bg5 Bd6 0-1

[Event "Hastings Masters 2011-12"]
[Site "Hastings ENG"]
[Date "2012.01.02"]
[Round "6.37"]
[White "Drogou, Gerard"]
[Black "Olsarova, Tereza"]
[Result "1-0"]
[WhiteElo "2063"]
[BlackElo "2232"]
[PlyCount "77"]
[EventDate "2011.12.28"]

1. d4 d5 2. Nf3 c6 3. c4 e6 4. e3 Nf6 5. Nbd2 Nbd7 6. Bd3 Bd6 7. b3 e5 8. cxd5
cxd5 9. dxe5 Nxe5 10. Bb5+ Bd7 11. Bxd7+ Qxd7 12. O-O Nd3 13. Qe2 Nxc1 14.
Raxc1 O-O 15. Nd4 Rae8 16. Rfd1 Bb8 17. Qf3 Re5 18. Nf1 Ne4 19. Rd3 f5 20. Rcd1
g5 21. Qh5 f4 22. Nf3 Ref5 23. exf4 Nf6 24. Qh6 Bxf4 25. g3 g4 26. gxf4 Rh5 27.
Ne5 Qc8 28. Ng6 hxg6 29. Qxg6+ Kh8 30. Ne3 g3 31. fxg3 Qh3 32. Nf1 Rh6 33. Qg5
Kh7 34. Re1 Rf7 35. Qe5 Rg7 36. Qe6 Rg4 37. Qf5+ Rhg6 38. Re7+ Kh6 39. Qe5 1-0

[Event "Hastings Masters 2011-12"]
[Site "Hastings ENG"]
[Date "2012.01.02"]
[Round "6.39"]
[White "Kewes, Gerd"]
[Black "Lakshmi, Sahiti P"]
[Result "1/2-1/2"]
[WhiteElo "2222"]
[BlackElo "2110"]
[PlyCount "23"]
[EventDate "2011.12.28"]

1. e4 c5 2. Nf3 d6 3. d4 cxd4 4. Nxd4 Nf6 5. Nc3 a6 6. a4 e5 7. Nb3 Be6 8. Be2
d5 9. exd5 Nxd5 10. Nxd5 Qxd5 11. O-O Nc6 12. Qxd5 1/2-1/2

[Event "Hastings Masters 2011-12"]
[Site "Hastings ENG"]
[Date "2012.01.02"]
[Round "6.40"]
[White "Rolvag, Mikael"]
[Black "Saranya, J."]
[Result "1/2-1/2"]
[WhiteElo "2201"]
[BlackElo "2069"]
[PlyCount "96"]
[EventDate "2011.12.28"]

1. d4 Nf6 2. Nf3 g6 3. c4 Bg7 4. Nc3 d6 5. e4 O-O 6. Be2 e5 7. d5 a5 8. Bg5
Nbd7 9. Nd2 h6 10. Bh4 Nc5 11. O-O Bd7 12. b3 Qe8 13. a3 Nh7 14. b4 axb4 15.
axb4 Na4 16. Nxa4 Bxa4 17. Qc1 f5 18. f3 Bd7 19. c5 Rxa1 20. Qxa1 g5 21. Bf2 g4
22. fxg4 fxg4 23. Be3 Qg6 24. cxd6 cxd6 25. Rxf8+ Nxf8 26. Qa7 b5 27. Qb8 h5
28. Bxb5 Bh6 29. Bxh6 Qxh6 30. Nf1 Bxb5 31. Qxb5 Qc1 32. Qe2 Qb1 33. b5 Nh7 34.
Kf2 Nf6 35. Nd2 Qb2 36. Qd3 Kf7 37. Ke2 Ke7 38. Qc4 h4 39. h3 g3 40. Kd3 Nd7
41. Qc7 Qxb5+ 42. Nc4 Qb1+ 43. Kc3 Qxe4 44. Qxd6+ Kd8 45. Qe6 Qe1+ 46. Kc2 Qe2+
47. Kc3 Qe1+ 48. Kc2 Qe2+ 1/2-1/2

[Event "Hastings Masters 2011-12"]
[Site "Hastings ENG"]
[Date "2012.01.02"]
[Round "6.41"]
[White "Taylor, Adam C"]
[Black "Marusenko, Petr"]
[Result "0-1"]
[WhiteElo "1772"]
[BlackElo "2198"]
[PlyCount "126"]
[EventDate "2011.12.28"]

1. d4 Nf6 2. c4 e6 3. Nc3 Bb4 4. Qc2 O-O 5. Nf3 d5 6. Bg5 h6 7. Bxf6 Qxf6 8. a3
Bxc3+ 9. Qxc3 dxc4 10. Qxc4 Nc6 11. e3 e5 12. dxe5 Nxe5 13. Nxe5 Qxe5 14. Qb5
c5 15. Rc1 Rd8 16. Be2 Bd7 17. Qxc5 Qxb2 18. Qc3 Qxc3+ 19. Rxc3 Bc6 20. O-O Rd2
21. Bf3 Bxf3 22. gxf3 Rad8 23. Rc7 Rb2 24. f4 Rd3 25. a4 a5 26. Rc8+ Kh7 27.
Rc7 Kg6 28. h4 h5 29. Rc5 b6 30. Rg5+ Kh6 31. Rc1 f6 32. Rg2 Rd7 33. Rc8 Kh7
34. Rb8 Rc7 35. Rd8 Rc1+ 36. Kh2 Rbb1 37. Rd5 Rh1+ 38. Kg3 Kh6 39. Rd8 Rhg1 40.
Rxg1 Rxg1+ 41. Kf3 Rb1 42. Rh8+ Kg6 43. f5+ Kxf5 44. Rxh5+ Ke6 45. Rh8 Rb4 46.
Rb8 Kf5 47. Kg3 g6 48. Rb7 Ke6 49. e4 Kd6 50. f3 Kc5 51. Rf7 Rxa4 52. Rxf6 Ra1
53. e5 a4 54. Kf4 Rg1 55. e6 a3 56. e7 Re1 57. Rxg6 a2 58. e8=Q Rxe8 59. Rg1
Ra8 60. Ra1 b5 61. h5 b4 62. h6 b3 63. h7 Rh8 0-1

[Event "Hastings Masters 2011-12"]
[Site "Hastings ENG"]
[Date "2012.01.02"]
[Round "6.42"]
[White "Maciol, Ryszard"]
[Black "Canonne, Antoine"]
[Result "1-0"]
[WhiteElo "2185"]
[BlackElo "2023"]
[PlyCount "131"]
[EventDate "2011.12.28"]

1. d4 Nc6 2. d5 Ne5 3. e4 Ng6 4. f4 e5 5. dxe6 dxe6 6. Qxd8+ Kxd8 7. Bd3 Bc5 8.
Nf3 Nf6 9. g3 Bd7 10. Ke2 Bc6 11. Nbd2 a5 12. b3 a4 13. Bb2 Ke7 14. Rhe1 Rhd8
15. Bc3 b5 16. f5 Nf8 17. Ne5 Be8 18. b4 Bd4 19. Bxd4 Rxd4 20. c3 Rdd8 21. c4
c6 22. Rac1 Rdc8 23. Rc3 N8d7 24. Nef3 Nb6 25. fxe6 fxe6 26. cxb5 cxb5 27. Rec1
Rxc3 28. Rxc3 Rc8 29. Rxc8 Nxc8 30. Nd4 Na7 31. a3 Ng4 32. N2f3 Kf6 33. h3 Ne5
34. Nxe5 Kxe5 35. Ke3 h6 36. h4 Bd7 37. Be2 Be8 38. Bf1 Kf6 39. Ne2 e5 40. Nc3
Ke6 41. Kf3 Bh5+ 42. Kg2 Be8 43. Be2 Kd6 44. Kh3 Bd7+ 45. Bg4 Be8 46. Be2 Bd7+
47. g4 g5 48. Nd5 Bc6 49. Nf6 Nc8 50. Ng8 Ne7 51. Nxh6 gxh4 52. Nf5+ Ke6 53.
Nxe7 Kxe7 54. Kxh4 Kf6 55. Kh5 Bxe4 56. Bxb5 Bc2 57. Kh6 e4 58. g5+ Ke5 59. g6
e3 60. g7 Bb3 61. Kh7 Kd4 62. g8=Q Bxg8+ 63. Kxg8 Kc3 64. Bf1 Kb3 65. b5 Kxa3
66. b6 1-0

[Event "Hastings Masters 2011-12"]
[Site "Hastings ENG"]
[Date "2012.01.02"]
[Round "6.45"]
[White "Repplinger, Marc"]
[Black "Calvert, D Ian"]
[Result "1-0"]
[WhiteElo "2241"]
[BlackElo "1947"]
[PlyCount "65"]
[EventDate "2011.12.28"]

1. d4 d5 2. Nf3 Nf6 3. c4 c6 4. e3 g6 5. Nc3 Bg7 6. Qb3 O-O 7. Bd2 e6 8. Bd3
Nbd7 9. O-O b6 10. a4 Bb7 11. cxd5 exd5 12. a5 c5 13. a6 Bc6 14. Bb5 Bxb5 15.
Qxb5 Rc8 16. Rfd1 Nb8 17. Be1 c4 18. Ne5 Qd6 19. f3 Rfd8 20. Bf2 Nc6 21. Bg3
Qe6 22. e4 Bh6 23. Nxc6 Qxc6 24. e5 Nh5 25. Qxc6 Rxc6 26. Nb5 Rd7 27. Re1 c3
28. bxc3 Nxg3 29. hxg3 Bd2 30. Re2 Bxc3 31. Rc2 Bxa1 32. Rxc6 Kf8 33. Rc1 1-0

[Event "Hastings Masters 2011-12"]
[Site "Hastings ENG"]
[Date "2012.01.02"]
[Round "6.46"]
[White "Hoare, Amy B"]
[Black "Sugden, John N"]
[Result "1/2-1/2"]
[WhiteElo "1930"]
[BlackElo "2180"]
[PlyCount "36"]
[EventDate "2011.12.28"]

1. e4 c6 2. c4 e5 3. Nf3 d6 4. d4 Nd7 5. Nc3 Ngf6 6. Be2 g6 7. O-O Bg7 8. Be3
O-O 9. d5 c5 10. Ne1 Ne8 11. g4 Bf6 12. Qd2 Ng7 13. Kh1 Be7 14. Rg1 a6 15. a4
f6 16. Bh6 Rf7 17. Nc2 Kh8 18. Qd3 Nf8 1/2-1/2

[Event "Hastings Masters 2011-12"]
[Site "Hastings ENG"]
[Date "2012.01.02"]
[Round "6.48"]
[White "O Grady, Gary P"]
[Black "Kurka, Dieter"]
[Result "0-1"]
[WhiteElo "1880"]
[BlackElo "2058"]
[PlyCount "68"]
[EventDate "2011.12.28"]

1. e4 c5 2. Nc3 e6 3. Nf3 a6 4. d4 cxd4 5. Nxd4 Qc7 6. Be3 Bb4 7. Qd3 Nf6 8.
Bd2 Nc6 9. Nxc6 bxc6 10. a3 Be7 11. Be2 d5 12. exd5 cxd5 13. Qg3 Qxg3 14. hxg3
Rb8 15. b4 d4 16. Bf4 Rb6 17. Na4 Rc6 18. O-O-O Nd5 19. Rxd4 Nxf4 20. Rxf4 Bg5
21. b5 Rd6 22. b6 O-O 23. Kb2 Bxf4 24. gxf4 Bd7 25. Nc5 Rxb6+ 26. Ka2 Bc6 27.
Rd1 Rc8 28. c4 Rcb8 29. Rd2 Kf8 30. a4 a5 31. Bf3 Ke8 32. Nd3 Bxf3 33. gxf3 Rd8
34. Ka3 Rbd6 0-1

[Event "Hastings Masters 2011-12"]
[Site "Hastings ENG"]
[Date "2012.01.02"]
[Round "6.50"]
[White "Wallis, Ian J"]
[Black "Clayton, Tristan"]
[Result "1/2-1/2"]
[WhiteElo "2003"]
[BlackElo "1812"]
[PlyCount "109"]
[EventDate "2011.12.28"]

1. Nf3 Nf6 2. d4 g6 3. c4 Bg7 4. Nc3 d6 5. Bg5 O-O 6. e3 Nbd7 7. Be2 c5 8. Qc2
a6 9. O-O Qc7 10. Rac1 Re8 11. h3 b6 12. Rcd1 Bb7 13. d5 Ne5 14. Nxe5 dxe5 15.
Bf3 Qd6 16. Bxf6 Qxf6 17. Ne4 Qh4 18. Nc3 Qxc4 19. b3 Qh4 20. e4 Red8 21. Na4
Qf6 22. Nb2 Bc8 23. Nc4 Bxh3 24. Nxb6 Bxg2 25. Bxg2 Qxb6 26. Rc1 Rac8 27. Qc4
Bh6 28. Rc3 Bf4 29. Bh3 Rc7 30. b4 Bd2 31. Ra3 cxb4 32. Qxa6 Qxa6 33. Rxa6 Rc4
34. Bg2 Rd7 35. Bf3 Rcc7 36. Rd1 Rc1 37. Rxc1 Bxc1 38. Rc6 Bd2 39. Bd1 Kg7 40.
Ba4 Ra7 41. Bb3 h5 42. Kg2 Rb7 43. Kh3 Bf4 44. Kh4 Bd2 45. Kh3 f6 46. Rc8 Rd7
47. Rc6 g5 48. Ba4 Ra7 49. Bb3 Kg6 50. Rc8 g4+ 51. Kg3 Bf4+ 52. Kh4 Bg5+ 53.
Kg3 Bf4+ 54. Kh4 Bg5+ 55. Kg3 1/2-1/2

[Event "Hastings Masters 2011-12"]
[Site "Hastings ENG"]
[Date "2012.01.02"]
[Round "6.51"]
[White "Flynn, David"]
[Black "Bourached, Anthony"]
[Result "1-0"]
[WhiteElo "1978"]
[BlackElo "1895"]
[PlyCount "73"]
[EventDate "2011.12.28"]

1. e4 c5 2. c3 d6 3. d4 Nf6 4. Bd3 Nc6 5. Nf3 Bg4 6. d5 Ne5 7. Nxe5 dxe5 8.
Qxg4 Nxg4 9. Bb5+ Qd7 10. Bxd7+ Kxd7 11. f3 Nf6 12. c4 h5 13. Nc3 g6 14. Be3
Rc8 15. Ke2 Bh6 16. Bxh6 Rxh6 17. h4 Ne8 18. Kd3 Nd6 19. Rab1 a6 20. Na4 Rc7
21. Nb6+ Kd8 22. a3 Nc8 23. Nxc8 Kxc8 24. b4 b5 25. bxc5 Rxc5 26. cxb5 axb5 27.
Rb4 Kd7 28. Rhb1 g5 29. hxg5 Ra6 30. Rxb5 Rxa3+ 31. R5b3 Rxb3+ 32. Rxb3 Ra5 33.
Ke2 Ra6 34. Rb7+ Ke8 35. Rb8+ Kd7 36. Rh8 Rg6 37. Rxh5 1-0

[Event "Hastings Masters 2011-12"]
[Site "Hastings ENG"]
[Date "2012.01.03"]
[Round "7.2"]
[White "Sengupta, Deep"]
[Black "Shyam, Sundar M"]
[Result "1/2-1/2"]
[WhiteElo "2562"]
[BlackElo "2462"]
[PlyCount "31"]
[EventDate "2011.12.28"]

1. e4 e5 2. Nf3 Nc6 3. Bc4 Bc5 4. c3 Nf6 5. d3 a6 6. Bb3 Ba7 7. h3 h6 8. Nbd2
d6 9. Nf1 O-O 10. N3h2 Be6 11. Qf3 Nh7 12. Ng3 Ne7 13. Ng4 Qd7 14. O-O c6 15.
Nh5 Bxb3 16. Qg3 1/2-1/2

[Event "Hastings Masters 2011-12"]
[Site "Hastings ENG"]
[Date "2012.01.03"]
[Round "7.3"]
[White "Edouard, Romain"]
[Black "Haydon, David L"]
[Result "1-0"]
[WhiteElo "2621"]
[BlackElo "2296"]
[PlyCount "57"]
[EventDate "2011.12.28"]

1. d4 c6 2. c4 d5 3. Nf3 Nf6 4. e3 e6 5. Bd3 c5 6. O-O Nc6 7. Nc3 dxc4 8. Bxc4
cxd4 9. exd4 Be7 10. a3 O-O 11. Qd3 a6 12. Bg5 b5 13. Bb3 b4 14. Na4 bxa3 15.
bxa3 Na5 16. Bc2 g6 17. Ne5 Nd5 18. Bh6 Re8 19. Bd2 Nb7 20. Rab1 Nd6 21. Nc5
Bf6 22. Ba4 Nb5 23. Bxb5 axb5 24. Rxb5 Nc7 25. Nc6 Qd5 26. Ne4 Qxc6 27. Nxf6+
Kg7 28. Rc5 Qa4 29. Rxc7 1-0

[Event "Hastings Masters 2011-12"]
[Site "Hastings ENG"]
[Date "2012.01.03"]
[Round "7.4"]
[White "Vovk, Andrey"]
[Black "Holzke, Frank"]
[Result "1-0"]
[WhiteElo "2551"]
[BlackElo "2506"]
[PlyCount "119"]
[EventDate "2011.12.28"]

1. e4 e5 2. Nf3 Nc6 3. Bb5 a6 4. Ba4 Nf6 5. O-O Nxe4 6. d4 b5 7. Bb3 d5 8. dxe5
Be6 9. c3 Bc5 10. Qd3 Ne7 11. Be3 O-O 12. Nd4 Bxd4 13. cxd4 c5 14. dxc5 Qc7 15.
Rc1 Qxe5 16. f3 Nf6 17. Bd4 Qg5 18. Nc3 Rfd8 19. Ne2 Rac8 20. a4 Nc6 21. axb5
axb5 22. Kh1 Ne4 23. Be3 d4 24. Bxe6 dxe3 25. Qxe4 fxe6 26. Qxe6+ Kh8 27. Ra3
Re8 28. Qd6 Ne5 29. f4 Qg4 30. fxe5 Qxe2 31. Qd4 Qd2 32. Qxe3 Qxb2 33. Re1 Qb4
34. Rc3 Re6 35. h3 h6 36. Qf3 Rcc6 37. Qf8+ Kh7 38. Qf5+ Rg6 39. Ree3 Rxc5 40.
Rg3 Rcc6 41. Rcd3 Qe7 42. Rxg6 Rxg6 43. Rd6 Qg5 44. Qe4 h5 45. Rc6 h4 46. e6
Qe7 47. Qf5 Qg5 48. Qe4 Qe7 49. Qf3 Qf6 50. Qe2 Qa1+ 51. Kh2 Qf6 52. Qxb5 Rg5
53. Qd3+ Kh6 54. Qd2 Qe5+ 55. Kh1 Kh7 56. Rc1 Rg3 57. Re1 Qf5 58. e7 Rxh3+ 59.
gxh3 Qxh3+ 60. Qh2 1-0

[Event "Hastings Masters 2011-12"]
[Site "Hastings ENG"]
[Date "2012.01.03"]
[Round "7.5"]
[White "Williams, Simon K"]
[Black "Hebden, Mark L"]
[Result "1/2-1/2"]
[WhiteElo "2513"]
[BlackElo "2515"]
[PlyCount "194"]
[EventDate "2011.12.28"]

1. d4 Nf6 2. c4 g6 3. Nc3 Bg7 4. e4 d6 5. Nf3 O-O 6. Be2 e5 7. O-O Nc6 8. d5
Ne7 9. Ne1 Ne8 10. Be3 f5 11. f3 f4 12. Bf2 g5 13. c5 Ng6 14. a4 Rf7 15. a5
dxc5 16. Bxc5 Bf8 17. Nd3 Bd6 18. Nb5 Nf6 19. Bxa7 g4 20. Nxd6 cxd6 21. Bb6 Qf8
22. fxg4 Nxe4 23. Ne1 Bd7 24. Rc1 Rc8 25. Rxc8 Qxc8 26. Qc2 Nf6 27. Qxc8+ Bxc8
28. Bc4 Bxg4 29. b4 Rf8 30. Nc2 Rc8 31. Na3 Nd7 32. Ba7 e4 33. h3 Nde5 34. hxg4
Nxc4 35. Rc1 Nb6 36. Rxc8+ Nxc8 37. Bb8 Nge7 38. b5 Nxd5 39. Nc4 Kf7 40. Bxd6
Ke6 41. Bb8 Kd7 42. a6 bxa6 43. Ne5+ Ke6 44. bxa6 Nb4 45. Nc4 Nxa6 46. Bxf4 Kd5
47. Ne3+ Kd4 48. g5 Nc5 49. Ng4 Ne6 50. Be3+ Kd3 51. Kf2 Nd6 52. Ne5+ Kc3 53.
Ke2 Nf5 54. g4 Nfd4+ 55. Kf2 Nf8 56. Bf4 Nc2 57. Be3 Nb4 58. Ke2 Nd3 59. Bd2+
Kd4 60. Nc6+ Kd5 61. Ne7+ Ke6 62. Nf5 Ne5 63. Nh6 Nfg6 64. Be3 Ne7 65. Bd2 Nd5
66. Be3 Nc4 67. Bc1 Nc3+ 68. Ke1 Ke5 69. Nf5 Nd5 70. Nh4 Ne7 71. Ke2 Ng6 72.
Ng2 Kd4 73. Bf4 Nce5 74. Bxe5+ Kxe5 75. Ke3 Kd5 76. Kd2 Kd4 77. Ke2 Ne7 78. Nh4
Nd5 79. Kf2 Nf4 80. Kg3 Ng6 81. Nf5+ Kd3 82. Kf2 Kd2 83. Ne3 Ne5 84. Nd5 Ng6
85. Ne3 Nf4 86. Nc4+ Kd3 87. Ne5+ Kd4 88. Nc6+ Kd5 89. Nb4+ Ke6 90. Nc6 Nh3+
91. Ke3 Nxg5 92. Kf4 h6 93. Nd4+ Kd5 94. Nf5 Nf7 95. Ne3+ Kd4 96. Nc2+ Kc3 97.
Kxe4 Kxc2 1/2-1/2

[Event "Hastings Masters 2011-12"]
[Site "Hastings ENG"]
[Date "2012.01.03"]
[Round "7.6"]
[White "Howell, David W L"]
[Black "Kjartansson, Gudmundur"]
[Result "0-1"]
[WhiteElo "2633"]
[BlackElo "2326"]
[PlyCount "98"]
[EventDate "2011.12.28"]

1. e4 c6 2. d4 d5 3. e5 Bf5 4. h4 h5 5. c4 e6 6. Nc3 Ne7 7. Bg5 Nd7 8. cxd5
exd5 9. Bd3 f6 10. exf6 gxf6 11. Bf4 Nb6 12. Bxf5 Nxf5 13. Nge2 Qd7 14. Qd3
O-O-O 15. b3 Rg8 16. g3 Ba3 17. Kd2 Qh7 18. Rae1 Rge8 19. Kc2 Rd7 20. Kb1 Rde7
21. Bd2 Bd6 22. Kb2 a5 23. Rc1 a4 24. Rhd1 axb3 25. axb3 Kd7 26. Bf4 Bb4 27.
Ra1 Qg6 28. Ra7 Kc8 29. Nc1 Qg4 30. Na4 Nxa4+ 31. Rxa4 Bd6 32. Bxd6 Nxd6 33.
Rd2 Kb8 34. Rc2 Nb5 35. Rb4 Re1 36. Rxb5 cxb5 37. Qc3 Qd7 38. Qf3 Rc8 39. Rxc8+
Qxc8 40. Nd3 Re4 41. Qxh5 b4 42. Nxb4 Rxd4 43. Nc2 Rd2 44. Qg6 d4 45. Kc1 d3
46. Kxd2 Qxc2+ 47. Ke3 Qe2+ 48. Kf4 d2 49. Qg8+ Ka7 0-1

[Event "Hastings Masters 2011-12"]
[Site "Hastings ENG"]
[Date "2012.01.03"]
[Round "7.7"]
[White "Vuilleumier, Alexandre"]
[Black "Istratescu, Andrei"]
[Result "0-1"]
[WhiteElo "2356"]
[BlackElo "2627"]
[PlyCount "176"]
[EventDate "2011.12.28"]

1. d4 d6 2. e4 g6 3. Nc3 Bg7 4. Bg5 Nd7 5. Qd2 c5 6. d5 a6 7. g3 b5 8. Bg2 Nb6
9. Nge2 h6 10. Bf4 Nf6 11. Rb1 g5 12. Be3 Nc4 13. Qd3 Ng4 14. Bc1 Nge5 15. Qd1
Qa5 16. b3 Na3 17. Bxa3 Qxa3 18. O-O g4 19. Nf4 h5 20. Nd3 h4 21. Nxe5 Bxe5 22.
Qd3 Bd7 23. Nd1 hxg3 24. hxg3 Qxa2 25. Ne3 Qa5 26. Nf5 Rg8 27. f4 gxf3 28. Qxf3
Bxf5 29. Qxf5 Rg7 30. Rf3 Qd2 31. Rbf1 Qh6 32. Bh3 Bxg3 33. Kh1 Be5 34. Qd7+
Kf8 35. Qe6 Qxe6 36. Bxe6 Bf6 37. Bf5 Ke8 38. Rh3 Rg8 39. Rh7 a5 40. e5 Bxe5
41. Bd3 Bf6 42. Bxb5+ Kf8 43. c4 Rg3 44. Kh2 Rg5 45. Rf3 Kg8 46. Rfh3 Rb8 47.
R7h5 Rxh5 48. Rxh5 e6 49. Kg2 Kg7 50. dxe6 fxe6 51. Kf3 Kg6 52. Kg4 Be5 53. Rh3
Kf6 54. Rh6+ Kf7 55. Rh7+ Bg7 56. Rh2 Rg8 57. Kf3 Be5 58. Rh7+ Kf6 59. Rh6+ Kf5
60. Rh5+ Kg6 61. Rh1 Rf8+ 62. Ke3 Bd4+ 63. Ke4 Rf2 64. Rh3 Re2+ 65. Kd3 Re1 66.
Rf3 Kg5 67. Kd2 Rb1 68. Bd7 Kg4 69. Rf7 Rb2+ 70. Kc1 Rxb3 71. Bxe6+ Kg3 72. Ra7
Ra3 73. Bd5 Kf2 74. Kc2 Ke2 75. Ra8 Be5 76. Rf8 a4 77. Ra8 Ra2+ 78. Kb1 Rb2+
79. Kc1 Kd3 80. Rf8 Rb4 81. Rf3+ Ke2 82. Kc2 Rxc4+ 83. Bxc4+ Kxf3 84. Kd3 Kf2
85. Bb5 a3 86. Bc4 Ke1 87. Kc2 Bb2 88. Bb5 Kf2 0-1

[Event "Hastings Masters 2011-12"]
[Site "Hastings ENG"]
[Date "2012.01.03"]
[Round "7.8"]
[White "Radovanovic, Jovica"]
[Black "Vovk, Yuri"]
[Result "0-1"]
[WhiteElo "2309"]
[BlackElo "2571"]
[PlyCount "84"]
[EventDate "2011.12.28"]

1. Nf3 Nf6 2. d4 g6 3. g3 Bg7 4. c4 O-O 5. Bg2 d6 6. O-O c6 7. Nc3 Qa5 8. e4 e5
9. Re1 Nbd7 10. h3 exd4 11. Nxd4 Ne5 12. Bf1 Re8 13. Rb1 a6 14. Bd2 b5 15. cxb5
axb5 16. b4 Qd8 17. Nb3 Be6 18. Na5 Qd7 19. Kh2 h5 20. Bf4 Nfg4+ 21. Kg1 Nxf2
22. Kxf2 Bxh3 23. Bxh3 Qxh3 24. Rh1 Ng4+ 25. Kg1 Qxh1+ 26. Kxh1 Nf2+ 27. Kg2
Nxd1 28. Nxd1 c5 29. a3 Rxe4 30. Bxd6 c4 31. Nf2 Re3 32. a4 bxa4 33. Nxc4 Rc3
34. b5 Rxc4 35. b6 a3 36. b7 Rca4 37. Rc1 a2 38. Rc8+ Rxc8 39. bxc8=Q+ Kh7 40.
Nh3 Ra5 41. Be5 Bxe5 42. Ng5+ Kg7 0-1

[Event "Hastings Masters 2011-12"]
[Site "Hastings ENG"]
[Date "2012.01.03"]
[Round "7.9"]
[White "Pert, Nicholas"]
[Black "Knott, Simon J B"]
[Result "1-0"]
[WhiteElo "2563"]
[BlackElo "2332"]
[PlyCount "59"]
[EventDate "2011.12.28"]

1. Nf3 Nf6 2. c4 g6 3. Nc3 d5 4. cxd5 Nxd5 5. Qc2 Bg7 6. e4 Nb4 7. Qa4+ N8c6 8.
d4 Bd7 9. Qb3 Bxd4 10. Nd5 Be6 11. Bc4 O-O 12. Nxb4 Na5 13. Qd1 Bxc4 14. Qxd4
Qxd4 15. Nxd4 c5 16. b3 cxd4 17. bxc4 Nxc4 18. Rb1 b6 19. Nc6 e5 20. Ke2 Rfe8
21. Kd3 Re6 22. Nxd4 Rd8 23. Kxc4 Rxd4+ 24. Kb3 Rxe4 25. Rd1 Kg7 26. f3 Rh4 27.
h3 b5 28. Bb2 a5 29. a3 b4 30. a4 1-0

[Event "Hastings Masters 2011-12"]
[Site "Hastings ENG"]
[Date "2012.01.03"]
[Round "7.10"]
[White "Griffiths, Ryan Rhys"]
[Black "Shyam, Nikil P"]
[Result "1/2-1/2"]
[WhiteElo "2310"]
[BlackElo "2482"]
[PlyCount "139"]
[EventDate "2011.12.28"]

1. e4 c5 2. Nf3 d6 3. Bb5+ Nd7 4. d4 Ngf6 5. O-O cxd4 6. Qxd4 e5 7. Qd3 h6 8.
c4 Be7 9. Rd1 O-O 10. Bxd7 Bxd7 11. Nc3 Rc8 12. b3 Bc6 13. a4 Nxe4 14. Nxe4 f5
15. Nfd2 fxe4 16. Nxe4 Qd7 17. f3 Rcd8 18. Ba3 Rf4 19. Nc3 Rdf8 20. Nd5 Rd4 21.
Nxe7+ Qxe7 22. Qe3 Qf6 23. Rxd4 exd4 24. Qd3 Re8 25. Bb2 Qg5 26. Bxd4 a6 27.
Bf2 Rf8 28. Qe3 Qg6 29. Kf1 Re8 30. Qd2 d5 31. c5 d4 32. Qxd4 Qc2 33. Qc4+
Qxc4+ 34. bxc4 Kf7 35. a5 Rd8 36. Ke2 Re8+ 37. Be3 Rd8 38. Rb1 Rd7 39. Rb3 Ba4
40. Rb2 Bc6 41. Rc2 Ba4 42. Rc3 Bc6 43. Bf4 Re7+ 44. Kf2 Rd7 45. Bd6 Rd8 46.
Rd3 Re8 47. Rd4 Re6 48. h4 h5 49. Rf4+ Rf6 50. Rd4 Re6 51. Bf4 Re7 52. Rd6 Re6
53. Be3 Re8 54. Bd4 Re7 55. g4 hxg4 56. fxg4 Re4 57. Kg3 g6 58. g5 Re6 59. Kg4
Re4+ 60. Kg3 Re6 61. h5 gxh5 62. Kf4 Ba4 63. Be5 Bc2 64. Rd2 Ba4 65. Kf5 Rg6
66. Bf6 Rg8 67. Be5 Rg6 68. Rd6 Bc2+ 69. Kf4 Ba4 70. Rxg6 1/2-1/2

[Event "Hastings Masters 2011-12"]
[Site "Hastings ENG"]
[Date "2012.01.03"]
[Round "7.13"]
[White "Houska, Jovanka"]
[Black "Prosviriakov, Vladimir"]
[Result "1/2-1/2"]
[WhiteElo "2415"]
[BlackElo "2274"]
[PlyCount "24"]
[EventDate "2011.12.28"]

1. d4 d6 2. Nf3 g6 3. c4 Bg7 4. g3 c5 5. Bg2 Nc6 6. d5 Na5 7. Na3 Rb8 8. O-O a6
9. e4 b5 10. Rb1 b4 11. Nc2 Nxc4 12. b3 Nb6 1/2-1/2

[Event "Hastings Masters 2011-12"]
[Site "Hastings ENG"]
[Date "2012.01.03"]
[Round "7.14"]
[White "Karthikeyan, Murali"]
[Black "Anwesh, Upadhyaya"]
[Result "1/2-1/2"]
[WhiteElo "2154"]
[BlackElo "2413"]
[PlyCount "78"]
[EventDate "2011.12.28"]

1. e4 e5 2. Nf3 Nc6 3. Bc4 Bc5 4. O-O Nf6 5. d3 O-O 6. c3 d5 7. exd5 Nxd5 8.
Nbd2 Nb6 9. Bb5 Qd5 10. Qb3 Qxb3 11. axb3 f6 12. Nc4 Bf5 13. Be3 Bxe3 14. Nxe3
Bd7 15. Rfd1 Rfd8 16. Bc4+ Kf8 17. d4 Nxc4 18. bxc4 exd4 19. Nxd4 Ne7 20. b4
Kf7 21. Nb3 a6 22. Kf1 Be6 23. Rxd8 Rxd8 24. Nc5 Bc8 25. Ke1 g5 26. g3 f5 27.
Rd1 Re8 28. Nd3 Ng6 29. Kd2 Be6 30. f4 gxf4 31. Nxf4 Nxf4 32. gxf4 Rd8+ 33. Ke2
Rxd1 34. Kxd1 b6 35. Kc2 Ke7 36. Kd3 Kd6 37. Nc2 c5 38. b5 a5 39. Ne3 Kd7
1/2-1/2

[Event "Hastings Masters 2011-12"]
[Site "Hastings ENG"]
[Date "2012.01.03"]
[Round "7.15"]
[White "Pon, NKrithika"]
[Black "Roy Chowdhury, Saptarshi"]
[Result "1/2-1/2"]
[WhiteElo "2091"]
[BlackElo "2411"]
[PlyCount "77"]
[EventDate "2011.12.28"]

1. e4 c5 2. f4 Nc6 3. Nc3 e6 4. Nf3 d5 5. d3 Be7 6. g3 Nf6 7. e5 Nd7 8. Bh3 b5
9. Qe2 b4 10. Nd1 O-O 11. O-O a5 12. c3 Ba6 13. Nf2 Re8 14. Re1 Bf8 15. Qc2 h6
16. Bd2 Nb6 17. Rad1 Rb8 18. d4 bxc3 19. Bxc3 Nc4 20. Nd3 cxd4 21. Nxd4 Nb4 22.
Bxb4 axb4 23. Qf2 Na5 24. f5 Bxd3 25. Rxd3 exf5 26. Qxf5 Nc4 27. e6 fxe6 28.
Rxe6 Kh8 29. b3 Na3 30. Rde3 Rxe6 31. Nxe6 Qb6 32. Qf2 Bd6 33. Rd3 Qc6 34. Qd4
Qb6 35. Qxb6 Rxb6 36. Rxd5 Nb5 37. Kg2 Nc3 38. Rd2 Kg8 39. Nd4 1/2-1/2